Дифференциальные уравнения: [сборник статей]

Dettagli Bibliografici
Ente Autore: Рязанский радиотехнический институт (РРИ)
Altri autori: Парнев И. В. Иван Васильевич (редактор)
Riassunto:Исключено из фонда НТБ ТПУ
Lingua:russo
Pubblicazione: Рязань, Изд-во РРТИ, 1971
Serie:Труды Рязанского радиотехнического института Вып. 28
Natura: MixedMaterials Libro
KOHA link:https://koha.lib.tpu.ru/cgi-bin/koha/opac-detail.pl?biblionumber=292238

MARC

LEADER 00000nam0a2200000 4500
001 292238
005 20231101000931.0
035 |a (RuTPU)RU\TPU\book\316853 
035 |a BOOK00003983 
035 |a RU\TPU\book\37331 
090 |a 292238 
100 |a 20011210d1971 k y0rusy50 ca 
101 0 |a rus 
102 |a RU 
105 |a a z 001zy 
200 1 |a Дифференциальные уравнения  |e [сборник статей]  |f Рязанский радиотехнический институт (РРИ) ; отв. ред. И. В. Парнев 
210 |a Рязань  |c Изд-во РРТИ  |d 1971 
215 |a 284 с. 
225 1 |a Труды Рязанского радиотехнического института  |v Вып. 28 
333 |a Исключено из фонда НТБ ТПУ 
702 1 |a Парнев  |b И. В.  |g Иван Васильевич  |4 340 
712 0 2 |a Рязанский радиотехнический институт (РРИ) 
801 1 |a RU  |b 63413507  |c 20150421 
801 2 |a RU  |b 63413507  |c 20220601  |g RCR 
942 |c BK